|
|
|
|
| LEADER |
00000cas a2200000 a 4500 |
| 001 |
vtls001438986 |
| 003 |
SK-MaSNL |
| 005 |
20260228160649.0 |
| 008 |
180810d18911918xo x 0 0 0hun |
| 035 |
|
|
|a SNK000394132
|
| 040 |
|
|
|a SNK
|b slo
|c SNK
|e AACR2
|
| 041 |
0 |
|
|a hun
|
| 043 |
|
|
|a e-xo---
|
| 044 |
|
|
|a xo
|c SK
|
| 072 |
|
7 |
|a 352/354
|x Stupne miestnej, oblastnej a ústrednej správy
|2 konspekt
|
| 080 |
|
|
|a 352/353
|2 2011
|
| 080 |
|
|
|a 050
|2 2011
|
| 080 |
|
|
|a (051)+(054)(437.6)
|2 2011
|
| 080 |
|
|
|a 437.641
|2 2011
|
| 245 |
0 |
0 |
|a Trencsén-vármegye hivatalos közlönye
|
| 246 |
3 |
2 |
|a Trencsén-vármegye hivatalos lapja
|
| 260 |
|
|
|a Trenčín
|b X. Ferencz Skarnitzl
|c 1891-1918
|
| 300 |
|
|
|a zv.
|c cm
|
| 310 |
|
|
|a Nepravidelne
|
| 362 |
0 |
|
|a Roč. 1 (1. júl 1891)-roč. 29, č. 40 (26. sept. 1918)
|
| 500 |
|
|
|a Úradné noviny Trenčianskej župy
|
| 650 |
0 |
7 |
|a župy
|2 SNKPH
|9 30635
|
| 651 |
|
7 |
|a Trenčín (Slovensko)
|2 SNKPHgeo
|9 159956
|
| 655 |
|
7 |
|a regionálne periodiká
|2 SNKPH
|9 131775
|
| 910 |
|
|
|a snk
|
| 999 |
|
|
|c 3254
|d 5184
|
| 952 |
|
|
|0 0
|1 0
|4 0
|7 0
|a SNK
|b SNK
|d 2002-08-08
|l 0
|o snkČSB 1087/21/1910
|p 17A0350080
|r 2005-01-02 00:00:00
|w 2026-02-21
|y PREZ
|
| 952 |
|
|
|0 0
|1 0
|4 0
|7 0
|a SNK
|b SNK
|d 2002-08-08
|l 0
|o snkČSB 1087/22/1911
|p 17A0350270
|r 2005-01-02 00:00:00
|t č. 1-52
|w 2026-02-21
|y PREZ
|